Discrete mathematics and its applications (Record no. 7441)

MARC details
000 -LEADER
fixed length control field 00874nam a2200193 4500
020 ## - INTERNATIONAL STANDARD BOOK NUMBER
ISBN 0072424346
020 ## - INTERNATIONAL STANDARD BOOK NUMBER
ISBN 9780072424348
050 ## - CALL NUMBER
Classification number QA39.3
Item number .R67
100 ## - AUTHOR
Personal name Rosen, Kenneth H
245 ## - TITLE
Title Discrete mathematics and its applications
Statement of responsibility, etc Kenneth H Rosen
250 ## - EDITION
Edition statement 5th
260 ## - PUBLICATION INFORMATION
Place of publication Boston :
Name of publisher McGraw-Hill,
Year of publication ©2003.
300 ## - DESCRIPTION
Number of Pages xxi, 787, 9, 8, 83, 1, 18 pages :
Other physical details illustrations (some color) ;
Dimensions 26 cm.
500 ## - NOTES
General note Includes index
505 ## - FORMATTED CONTENTS NOTE
Table of Content The foundations: logic and proof, sets, and functions :<br/>The fundamentals: algorithms, the integers, and matrices :<br/>Mathematical reasoning, induction, and recursion :<br/>Counting :<br/>Discrete probability : <br/>Advanced counting techniques :<br/>Relations : <br/>Graphs :<br/>Trees :<br/>Boolean algebra : <br/>Modeling computation :<br/><br/>
650 ## - SUBJECTS
Topical Term Mathematics.
650 ## - SUBJECTS
Topical Term Computer science -- Mathematics.
942 ## - ADDED ENTRY ELEMENTS (KOHA)
Koha item type Books
Holdings
Withdrawn status Lost status Home library Current library Shelving location Date acquired Full call number Accession Number Koha item type
    Methodist University Library Main Methodist University Library Main General Stacks 29/10/2020 QA39.3 .R67 10018 Books
Copyright © 2026  MUG Library